| 000 | 00639nam a2200217Ia 4500 | ||
|---|---|---|---|
| 003 | OSt | ||
| 005 | 20220926001520.0 | ||
| 006 | a|||||r|||| 00| 0 | ||
| 007 | ta | ||
| 008 | 220923b |||||||| |||| 00| 0 eng d | ||
| 037 | _cGeneral Book | ||
| 040 |
_aRTL _cRTL _beng |
||
| 041 |
_2eng _aeng |
||
| 082 | _aX9(J451):54.2,w,TB, K6/EC/GD | ||
| 110 |
_aINDIA, LOK SABHA _998267 |
||
| 245 | 0 | _a3rd estimate committee,19th report. | |
| 260 |
_a New Delhi _bLok Sabha Secretariat _c1966 |
||
| 700 |
_aINDIA, LOK SABHA _998268 |
||
| 942 |
_hX9(J451):54.2,w,TB, K6/EC/GD _cGB _2CC |
||
| 999 |
_c601767 _d601767 |
||